000 00235nam a2200097Ia 4500
082 _aEF MACN
245 0 _aDark winter
100 _a McNAB, Andy London, 2003
_961059
942 _cBK
008 210817s9999 xx 000 0 und d
999 _c192099
_d192098